Statistics for naruto names from original series

Click here to take the quiz!

General Stats

  • This quiz has been taken 897 times
  • The average score is 10 of 15

Answer Stats

hintanswer% Correct
girl who's obsessed with sasukeSakura
93%
the nine-tail's real nameKurama
83%
trained naruto for three yearsJiraiya
75%
uses scrolls to make weaponsTenten
74%
little boy learning from Naruto Uzamaki (first move learned from him was sexy jutsu)Konohamaru
73%
wants to avenge his clanSasuke Uchiha
73%
girl obsessed with NarutoHinata Hyuga
72%
controls bugs whenever pleasesShino
71%
is partners with KisameItachi Uchiha
68%
sasuke was his best friendNaruto Uzumaki
68%
has an IQ over 200Shikamaru Nara
65%
seeks the ultimate immortalityOrochimaru
63%
has bad luck except when there's bad luckTsunade
47%
a snake orochimaru controlsManda
36%
had a terrible life without meaningGaara of the desert
3%

Score Distribution

Percentile by Number Answered

Percent of People with Each Score

Your Score History

You have not taken this quiz